[Event "HUN-chT2 Barcza 1011"]
[Site "Hungary"]
[Date "2010.10.10"]
[Round "3.3"]
[White "Ligart, Tamas"]
[Black "Gaal, Attila"]
[Result "1-0"]
[WhiteElo "2280"]
[BlackElo "2104"]
[PlyCount "63"]
[EventDate "2010.09.12"]
[EventType "team-tourn"]
[EventRounds "11"]
[EventCountry "HUN"]
[SourceTitle "EXT 2012"]
[Source "ChessBase"]
[SourceDate "2011.11.24"]
[SourceVersion "1"]
[SourceVersionDate "2011.11.24"]
[SourceQuality "1"]
[WhiteTeam "Edeleny"]
[BlackTeam "Piremon"]
[WhiteTeamCountry "HUN"]
[BlackTeamCountry "HUN"]

1. e4 e6 2. d4 d5 3. Nd2 Nf6 4. e5 Nfd7 5. f4 c5 6. c3 Nc6 7. Ndf3 cxd4 8. cxd4 Be7 9. Bd3 f5 10. Ne2 0-0 11. 0-0 Nb6 12. Kh1 Kh8 13. h3 Bd7 14. g4 g6 15. Rf2 Rc8 16. Nc3 a6 17. Rg2 Qe8 18. Bd2 Nb4 19. Bb1 Nc4 20. Bc1 Nc6 21. Bd3 Na7 22. h4 b5 23. Ng5 b4 24. Ne2 Bxg5 25. hxg5 Rc7 26. b3 Nb6 27. gxf5 exf5 28. Bxa6 Bb5 29. Bxb5 Qxb5 30. a4 bxa3 31. Bxa3 Rfc8 32. Bc5 1-0

[Event "HUN-chT2 Barcza 1011"]
[Site "Hungary"]
[Date "2010.09.12"]
[Round "1.4"]
[White "Gaal, Attila"]
[Black "Hegedus, Imre"]
[Result "1-0"]
[WhiteElo "2109"]
[BlackElo "1866"]
[PlyCount "59"]
[EventDate "2010.09.12"]
[EventType "team-tourn"]
[EventRounds "11"]
[EventCountry "HUN"]
[SourceTitle "EXT 2012"]
[Source "ChessBase"]
[SourceDate "2011.11.24"]
[SourceVersion "1"]
[SourceVersionDate "2011.11.24"]
[SourceQuality "1"]
[WhiteTeam "Piremon"]
[BlackTeam "Balkany"]
[WhiteTeamCountry "HUN"]
[BlackTeamCountry "HUN"]

1. e4 c5 2. Nc3 Nc6 3. g3 g6 4. Bg2 Bg7 5. d3 d6 6. Be3 e6 7. Qd2 Nd4 8. Nd1 Ne7 9. c3 Ndc6 10. Bh6 0-0 11. h4 f6 12. Bxg7 Kxg7 13. f4 h5 14. Nf2 f5 15. 0-0-0 Qc7 16. Ngh3 Ng8 17. Rhe1 Bd7 18. Kb1 Rad8 19. Ng5 Rfe8 20. Re2 Qc8 21. Rde1 Nh6 22. exf5 exf5 23. Bxc6 Qxc6 24. Re7+ Kg8 25. d4 Rxe7 26. Rxe7 Re8 27. d5 Qc8 28. Rh7 Ng4 29. Nxg4 hxg4 30. c4 1-0

[Event "HUN-chT2 Barcza 0506"]
[Site "Hungary"]
[Date "2006.03.19"]
[Round "9"]
[White "Molnar, Balazs"]
[Black "Gaal, Attila"]
[Result "1/2-1/2"]
[WhiteElo "2158"]
[BlackElo "2083"]
[PlyCount "30"]
[EventDate "2005.10.16"]
[EventType "team-tourn"]
[EventRounds "11"]
[EventCountry "HUN"]
[SourceTitle "EXT 2009"]
[Source "ChessBase"]
[SourceDate "2008.11.26"]
[SourceVersion "1"]
[SourceVersionDate "2008.11.26"]
[SourceQuality "1"]
[WhiteTeam "Hajduboszormeny II"]
[BlackTeam "Szabolcs Volan"]
[WhiteTeamCountry "HUN"]
[BlackTeamCountry "HUN"]

1. e4 e6 2. d4 d5 3. Nc3 Bb4 4. exd5 exd5 5. Nf3 Ne7 6. Be2 Nbc6 7. 0-0 Bg4 8. Re1 Qd7 9. a3 Bxc3 10. bxc3 0-0-0 11. Rb1 f6 12. Qd3 Rde8 13. Qb5 Nd8 14. Qb3 Nec6 15. Be3 h5 1/2-1/2

[Event "HUN-chT2 Barcza 0405"]
[Site "Hungary"]
[Date "2005.03.06"]
[Round "9"]
[White "Korpas, Zoltan"]
[Black "Gaal, Attila"]
[Result "1/2-1/2"]
[WhiteElo "2107"]
[BlackElo "2086"]
[PlyCount "68"]
[EventDate "2004.09.26"]
[EventType "team-tourn"]
[EventRounds "11"]
[EventCountry "HUN"]
[SourceTitle "EXT 2009"]
[Source "ChessBase"]
[SourceDate "2008.11.26"]
[SourceVersion "1"]
[SourceVersionDate "2008.11.26"]
[SourceQuality "1"]
[WhiteTeam "Tiszavasvar"]
[BlackTeam "Szabolcs Volan"]
[WhiteTeamCountry "HUN"]
[BlackTeamCountry "HUN"]

1. Nf3 d6 2. d4 Nf6 3. e3 g6 4. Be2 Bg7 5. 0-0 0-0 6. c4 Na6 7. Nc3 c5 8. a3 b6 9. Qc2 cxd4 10. exd4 Bf5 11. Bd3 Bxd3 12. Qxd3 Rc8 13. Re1 Re8 14. Bg5 Nb8 15. Rad1 Nbd7 16. h3 Qc7 17. Bxf6 Nxf6 18. b3 d5 19. Ne5 Qb7 20. Qf3 e6 21. b4 Re7 22. c5 Nd7 23. Ng4 Ree8 24. Nb5 Bf8 25. Nh6+ Bxh6 26. Nd6 Nxc5 27. Nxb7 Nxb7 28. Qd3 Rc4 29. Qb3 b5 30. a4 a6 31. axb5 axb5 32. Qa3 Nd6 33. Qa6 Bf8 34. Rc1 Rxb4 1/2-1/2

[Event "Szombathely Savaria op 2nd"]
[Site "Szombathely"]
[Date "2002.07.31"]
[Round "8"]
[White "Biskopics, Boglarka"]
[Black "Gaal, Attila"]
[Result "0-1"]
[WhiteElo "2066"]
[BlackElo "2045"]
[PlyCount "110"]
[EventDate "2002.07.26"]
[EventType "swiss"]
[EventRounds "9"]
[EventCountry "HUN"]
[SourceTitle "CBM 089 Extra"]
[Source "ChessBase"]
[SourceDate "2002.09.10"]
[SourceVersion "2"]
[SourceVersionDate "2002.09.10"]
[SourceQuality "1"]

1. e4 c5 2. Nf3 d6 3. d4 cxd4 4. Nxd4 Nf6 5. Nc3 a6 6. Be2 Qc7 7. 0-0 e6 8. Be3 Be7 9. a4 0-0 10. f4 Nbd7 11. Bf3 Rb8 12. Nb3 b6 13. g4 Nc5 14. g5 Ne8 15. Bg2 f6 16. Qh5 g6 17. Qh6 Rf7 18. Bd4 Bf8 19. Qh4 Bg7 20. Rad1 Bb7 21. Rf3 f5 22. Bxg7 Rxg7 23. Re3 Nxe4 24. Nxe4 Bxe4 25. Bxe4 fxe4 26. Nd4 Re7 27. Rc3 Qb7 28. Nc6 d5 29. Nxe7+ Qxe7 30. Qg4 Nd6 31. b3 Nf5 32. Qe2 b5 33. Rc6 Qa7+ 34. Kh1 Nd4 35. Qg4 Re8 36. Rc3 b4 37. Rh3 Nxc2 38. Rc1 Ne3 39. Qe2 Nf5 40. Qd2 a5 41. Qe2 Qb8 42. Qf1 Rc8 43. Kg2 d4 44. Kh1 Rc3 45. Rhxc3 bxc3 46. Qc4 Kf7 47. Re1 Qxf4 48. Rf1 Qe5 49. Qa6 Qc7 50. Qe2 c2 51. Rc1 d3 52. Qd2 Qc6 53. Kg1 Qd5 54. Rf1 Qd4+ 55. Kh1 e3 0-1

[Event "Szombathely Savaria op 2nd"]
[Site "Szombathely"]
[Date "2002.07.30"]
[Round "6"]
[White "Mar, Karmen"]
[Black "Gaal, Attila"]
[Result "0-1"]
[WhiteElo "2210"]
[BlackElo "2045"]
[PlyCount "118"]
[EventDate "2002.07.26"]
[EventType "swiss"]
[EventRounds "9"]
[EventCountry "HUN"]
[SourceTitle "CBM 089 Extra"]
[Source "ChessBase"]
[SourceDate "2002.09.10"]
[SourceVersion "2"]
[SourceVersionDate "2002.09.10"]
[SourceQuality "1"]

1. e4 c5 2. Nf3 e6 3. c4 Nc6 4. Nc3 e5 5. Be2 d6 6. 0-0 Be6 7. d3 h6 8. a3 g5 9. Rb1 a5 10. Nd5 Bg7 11. Qb3 Nge7 12. Qxb7 Rb8 13. Qc7 0-0 14. Qxd8 Rfxd8 15. h3 Rb7 16. Nc3 Ng6 17. Kh2 Kh7 18. g3 Rdb8 19. Nb5 Rd7 20. Bd2 Bf8 21. Bd1 Na7 22. Ba4 Nc6 23. Nc3 Rc7 24. Nd5 Bxd5 25. cxd5 Nd4 26. Nxd4 exd4 27. Bxa5 Ra7 28. b4 Ne5 29. Rbd1 c4 30. Bc2 c3 31. f4 Ng6 32. Rde1 Bg7 33. Rf2 Rc8 34. Ref1 Rf8 35. Kg2 Kg8 36. Bd1 Rc8 37. Bg4 Rb8 38. Bh5 Rc8 39. Rc2 Re8 40. Bxg6 fxg6 41. Re1 Rae7 42. Ra1 Rf8 43. Rf1 Rfe8 44. Ra2 Rc8 45. Rff2 Ra7 46. Kf1 Rb8 47. Ke1 gxf4 48. gxf4 Bf6 49. Kd1 Bh4 50. Rg2 Kh7 51. Rae2 g5 52. f5 g4 53. Rc2 gxh3 54. Rg4 Bg5 55. Rg1 Rxa5 56. Rxg5 hxg5 57. bxa5 Rb1+ 58. Ke2 h2 59. a6 h1Q 0-1

[Event "Szombathely Savaria op 2nd"]
[Site "Szombathely"]
[Date "2002.07.29"]
[Round "5"]
[White "Gaal, Attila"]
[Black "Varga, Tibor"]
[Result "1/2-1/2"]
[WhiteElo "2045"]
[BlackElo "2034"]
[PlyCount "60"]
[EventDate "2002.07.26"]
[EventType "swiss"]
[EventRounds "9"]
[EventCountry "HUN"]
[SourceTitle "CBM 089 Extra"]
[Source "ChessBase"]
[SourceDate "2002.09.10"]
[SourceVersion "2"]
[SourceVersionDate "2002.09.10"]
[SourceQuality "1"]

1. e4 e5 2. d4 exd4 3. c3 dxc3 4. Bc4 Nc6 5. Nf3 h6 6. 0-0 d6 7. Nxc3 Be7 8. Qb3 Na5 9. Bxf7+ Kf8 10. Qd5 Nf6 11. Qxa5 Kxf7 12. e5 b6 13. Qa4 Bd7 14. Qf4 g5 15. Qd4 Ng4 16. Re1 c5 17. Qe4 Nxe5 18. Nxe5+ dxe5 19. Qxe5 Bg4 20. h3 Bf6 21. Qe4 Bh5 22. Qb7+ Kf8 23. Nd5 Rc8 24. g4 Be8 25. Re6 Bg7 26. Re7 Bc6 27. Rf7+ Ke8 28. Re7+ Kf8 29. Rf7+ Ke8 30. Re7+ Kf8 1/2-1/2

[Event "HUN-chT3"]
[Site "Hungary"]
[Date "1991.??.??"]
[Round "?"]
[White "Szurovszky, Elek"]
[Black "Gaal, Attila"]
[Result "1-0"]
[WhiteElo "2265"]
[BlackElo "2195"]
[PlyCount "75"]
[EventDate "1991.??.??"]
[EventType "team-tourn"]
[EventRounds "11"]
[EventCountry "HUN"]
[SourceTitle "EXT 2001"]
[Source "ChessBase"]
[SourceDate "2000.11.22"]
[SourceVersion "1"]
[SourceVersionDate "2000.11.22"]
[SourceQuality "1"]

1. e4 e6 2. d4 d5 3. Nc3 Bb4 4. e5 c5 5. a3 Bxc3+ 6. bxc3 Ne7 7. a4 Nbc6 8. Bb5 Qa5 9. Bd2 c4 10. Bxc6+ Nxc6 11. Qg4 Rg8 12. Ne2 Bd7 13. Qh4 h6 14. 0-0 Qd8 15. Qh5 Qe7 16. a5 0-0-0 17. Bc1 f5 18. Ba3 Qe8 19. Qxe8 Bxe8 20. Bd6 g5 21. Rfb1 Rd7 22. Rb5 f4 23. Nc1 Nxd4 24. Rc5+ Nc6 25. a6 Rh7 26. axb7+ Rxb7 27. Ne2 Kd7 28. f3 Bg6 29. Ra6 Rc8 30. Ra2 Rb1+ 31. Kf2 Rd1 32. Nd4 a5 33. Nxc6 Rxc6 34. Rcxa5 Rd2+ 35. Ke1 Rxg2 36. Ra7+ Kd8 37. Rg7 Rc8 38. Raa7 1-0